Europe quiz - Statistics

General Stats
  • This quiz has been taken 10 times
  • The average score is 6 of 6
Answer Stats
Hint Answer % Correct
Which country has the capital of NATO Belgium
100%
Which counrty does all of these country border Germany
100%
Who is part of this duo to make it a trio Luxembourg
100%
Who is the country above the previos country Netherlands
100%
Who was(1918) the rival of the previos counrty France
90%
If you then went over The Kannel you would be in United kingdom
80%
No matching quizzes found
Score Distribution
Percent of People with Each Score
Percentile by Number Answered
Your Score History
You have not taken this quiz